|
|
|
|
| LEADER |
00000cam a2200000 a 4500 |
| 001 |
vtls008335421 |
| 003 |
SK-MaSNL |
| 005 |
20260302090944.0 |
| 008 |
230403s1964 xr f f 000 0 slo |
| 015 |
|
|
|a SNBA1964/10-02128
|
| 035 |
|
|
|a SK01SNK19640027638
|
| 035 |
|
|
|a urn:nbn:sk:snk-am3hift
|
| 035 |
|
|
|a 2F7F77B2-B5C6-4F8F-904B-D1B63D8928C1
|
| 035 |
|
|
|a urn:nbn:sk:snk-am00d1gh
|
| 035 |
|
|
|a SKM000030101
|
| 040 |
|
|
|a SNK
|b slo
|c SNK
|e AACR2
|
| 041 |
0 |
|
|a slo
|
| 044 |
|
|
|a xr
|c SK
|
| 080 |
|
|
|a 658.531:696.14(083.74)
|2 1981
|
| 080 |
|
|
|a 696.14(083.74)
|2 1981
|
| 245 |
0 |
0 |
|a Úkolový sadzobník
|n B
|p Inžinierska výstavba
|
| 246 |
3 |
0 |
|a Inžinierska výstavba
|
| 250 |
|
|
|a 1. vyd.
|
| 260 |
|
|
|a Praha
|b Ústav normování ve stavebnictví
|c 1964
|e Martin
|f Tlačiarne Slovenského národného povstania
|
| 300 |
|
|
|a 131, [1] s.
|c 12°
|
| 366 |
|
|
|e 2100 výtl.
|
| 500 |
|
|
|a P. Bibliografický katalóg ČSSR - České knihy 3477/1964
|
| 500 |
|
|
|a Spoluvyd. min. staveb. a ÚV odb. svazu zaměstnanců ve staveb. prům. Obsahuje část. text z Úkolového sadzobníku, čís. 1., 2. a 3. Pozn.
|
| 650 |
0 |
7 |
|a inžinierske stavby
|2 SNKPH
|9 67290
|
| 655 |
|
7 |
|a príručky
|2 SNKPH
|9 74364
|
| 655 |
|
7 |
|a sadzobníky
|2 SNKPH
|9 74712
|
| 852 |
|
|
|a Slovenská národná knižnica
|
| 954 |
|
|
|a odborná, vedecká literatúra pôvodná (slovenská)
|2 lita
|
| 958 |
|
|
|a TL
|
| 958 |
|
|
|a RK
|
| 958 |
|
|
|a OND
|
| 958 |
|
|
|a EUIPO
|
| 999 |
|
|
|c 1198713
|d 1200643
|
| 952 |
|
|
|a SNK
|b SNK
|y VYP
|7 0
|p 17A1190630
|o snkSE 3653 D1
|i snkKSP 2627/64
|0 0
|1 0
|4 0
|d 2018-09-26
|l 0
|r 2026-02-24 22:34:28
|w 2026-02-24
|
| 952 |
|
|
|a SNK
|b SNK
|y PREZ
|7 0
|p 17A0744345
|o snkSE 3653
|i snkKSP 2626/64
|0 0
|1 0
|4 0
|d 2018-04-12
|f 1
|l 0
|r 2026-02-24 22:34:28
|w 2026-02-24
|